00973 2200337 4500001002100000005001500021035002000036007000300056040001700059100003000076245006900106250002300175300003400198020002200232041000800254082001100262084001700273090002200290264003700312336002100349337003000370338002300400650001900423700003800442700003800480850001000518008004100528990002200569990002200591990002200613INLIS00000000000720920260603104241 a0010-0822000183ta aSBPUPADbind0 aRatih MaharaniePengarang1 aSeri Aktivitas Ceria Mengenal Macam-Macam Buah /cRatih Maharani a.- Ed. 1, .- cet 1 a32 hlm :bilus. ;c20 x 28 cm a978-623-7230-40-31 aind a372.21 a372.21 RAT s a297.63 MUH n L5-6 a.-- Yogyakarta :bRainbow,c2019 2rdacontentateks 2rdamediaatanpa perantara 2rdacarrieravolume 4aBuku Pelajaran0 aEditor, Brigitta PascaePengarang0 aIllustrator, Nanda M.HePengarang aPUPAD260603 1  a36.322/B/DPK/2022 a36.323/B/DPK/2022 a36.321/B/DPK/2022